Statistics for Random Movie Quotes

Click here to take the quiz!

General Stats

  • This quiz has been taken 50 times
  • The average score is 29 of 69

Answer Stats

HintAnswer% Correct
"Mama said life’s like a box of chocolates, you never know what you’re gonna get.”Forrest Gump
87%
"Here's Johnny!"The Shining
87%
"I'll be back."The Terminator
87%
"I’m king of the world!"Titanic
87%
"You're gonna need a bigger boat."Jaws
85%
"My precious."Lord of the Rings
85%
"to infinity and beyond!"Toy Story
85%
"Yo adrian!"Rocky
80%
"This is Ripley, last survivor of the Nostromo signing off.”Alien
76%
"Of all the gin joints in all the towns in all the world, she walks into mine."Casablanca
76%
"Nobody puts Baby in a corner."Dirty Dancing
76%
"Prove yourself brave, truthful and unselfish and someday you will be a real boy.”Pinnocchio
76%
"I'm gonna make him an offer he can't refuse."The Godfather
76%
"Why so serious?"The Dark Knight
74%
"A boy's best friend is his mother."Psycho
72%
"You take the blue pill- the story ends, you wake up in your bed and believe whatever you want to believe. You take the red pill- you stay in wonderland, and I show you how deep the rabbit hole goes.”The Matrix
70%
"You can't handle the truth!"A Few Good Men
67%
"I guess you guys aren’t ready for that yet. But your kids are gonna love it!"Back to the Future
65%
"You talkin' to me?"Taxi Driver
65%
"What we found out is that each one of us is a brain and an athlete, and a basket-case, a princess and a criminal.”The Breakfast Club
65%
"Mrs. Robinson, you're trying to seduce me aren't you?"The Graduate
65%
"Hello my name is Inigo Montoya. You killed my father. Prepare to die."The Princess Bride
65%
"Are you not entertained?”Gladiator
61%
"Stellaaa! Hey Stella!"A Streetcar Named Desire
57%
"Rosebud."Citizen Kane
57%
"As far back as I can remember I always wanted to be a gangster."Goodfellas
54%
"The power of Christ compels you."The Exorcist
54%
"Every time a bell rings, an angel gets his wings."It's a Wonderful Life
50%
"I'm sorry, Dave. I'm afraid I can't do that."2001: A Space Odyssey
48%
"I coulda been a contender!"On the Waterfront
48%
"We rob banks."Bonnie and Clyde
46%
"Life moves pretty fast. If you don’t stop and look around once in a while, you could miss it.”Ferris Bueller's Day Off
46%
"Life, uh, finds a way."Jurassic Park
46%
"Ezekiel 25:17”Pulp Fiction
46%
"Gentlemen, you can't fight in here! This is the War Room."Dr. Strangelove
43%
"She doesn’t even go here.”Mean Girls
41%
"I wish I knew how to quit you."Brokeback Mountain
37%
"I'm walking here!"Midnight Cowboy
35%
"As if!"Clueless
33%
"What’s the most you’ve ever lost on a coin toss?”No Country For Old Men
28%
"Alright Mr. Demille, I'm ready for my close up."Sunset Boulevard
28%
"I like warm hugs."Frozen
26%
"fasten your seat belts, it's going to be a bumpy night."All About Eve
24%
"I drink your milkshake!"There Will Be Blood
24%
"You better lawyer up asshole because I’m not coming back for 30%, I’m coming back for EVERYTHING."The Social Network
22%
"Not my tempo."Whiplash
22%
"I find your lack of faith disturbing."Star Wars: A New Hope
20%
"You see, in this world, there’s two kinds of people my friend, those with loaded guns and those who dig. You dig."The Good, The Bad, and The Ugly
20%
"They're all gonna laugh at you."Carrie
17%
"The stuff that dreams are made of."The Maltese Falcon
17%
"No. I don't think I will."Endgame
15%
"Back off man; I'm a scientist."Ghostbusters
15%
"You're tearing me apart!"Rebel Without a Cause
15%
"They're coming to get you, Barbara."Night of the Living Dead
13%
"The only good human is a dead human."Planet of the Apes
13%
"Sink into the floor. Sink."Get Out
11%
"You’re waiting for a train.”Inception
9%
"Where must we go, we who wander this wasteland in search of our better selves?"Mad Max: Fury Road
9%
"Death has come to your little town, Sheriff."Halloween
7%
"Your mom goes to college."Napoleon Dynamite
7%
"I am Death."The Seventh Seal
7%
"One final thing I have to do, and then I’ll be free of the past."Vertigo
7%
"Why it’s like a dream, a wonderful dream come true.”Cinderella
4%
"When a man cannot choose he ceases to be a man."A Clockwork Orange
2%
"And I think what we've got on our hands is a dead shark."Annie Hall
2%
"In the end, you can’t understand the things men do."Rashomon
2%
"From where I stand the sun is shining all over the place."Singin in the Rain
2%
"And do you know how I feel? Like a human being. Like a human being."The Philadelphia Story
2%
"I’ve been cursed since the day I was born."The Bicycle Thief
0%

Score Distribution

Percentile by Number Answered

Percent of People with Each Score

Your Score History

You have not taken this quiz